Cities With the Most 300m+ Skyscrapers - Statistics

General Stats
  • This quiz has been taken 21 times
  • The average score is 11 of 14
Answer Stats
# Answer % Correct
7 Chicago
100%
32 Dubai
100%
18 New York City
100%
13 Guangzhou
94%
6 Hong Kong
94%
9 Shanghai
94%
22 Shenzhen
89%
6 Moscow
83%
8 Wuhan
78%
6 Chongqing
72%
7 Kuala Lumpur
72%
8 Nanjing
67%
6 Changsha
39%
6 Nanning
39%
No matching quizzes found
Score Distribution
Percent of People with Each Score
Percentile by Number Answered
Your Score History
You have not taken this quiz